An empirical study of forecast combination in tourism /

Na minha lista:
Detalhes bibliográficos
Outros Autores: Song, Haiyan., Witt, Stephen F., Wong, Kevin F., Wu, Doris. C.
Formato: Atigo
Idioma:English
Assuntos:
Tags: Adicionar Tag
Sem tags, seja o primeiro a adicionar uma tag!
Thư viện lưu trữ: Thư viện Trường Đại học Đà Lạt
LEADER 00888nam a2200301 4500
001 DLU090098884
005 ##20091201
040 # # |a DLU  |b eng 
041 # # |a eng 
044 # # |a us 
245 # # |a An empirical study of forecast combination in tourism /  |c Haiyan Song ... [et al.].  
653 # # |a Forecast combination 
653 # # |a Forecasting accuracy 
653 # # |a Tourism demand 
700 # # |a Song, Haiyan. 
700 # # |a Witt, Stephen F. 
700 # # |a Wong, Kevin F. 
700 # # |a Wu, Doris. C. 
773 # # |t Journal of Hospitality & Tourism Research  |g Vol. 33, no. 1 (February 2009), p. 3-29 
920 # # |a Phòng Tạp chí -- Trung tâm Thông tin - Thư viện Trường Đại học Đà Lạt 
994 # # |a DLU 
900 # # |a True 
911 # # |a Trương Bảo Trâm Anh 
925 # # |a G 
926 # # |a A 
927 # # |a BB 
980 # # |a Thư viện Trường Đại học Đà Lạt